| 000 | 00624nam a2200181Ia 4500 | ||
|---|---|---|---|
| 008 | 090123s9999 xx 000 0 und d | ||
| 082 |
_b7948 _a891.463/जोशी |
||
| 100 | _aजोशी रामचंद्र | ||
| 245 | _aसाद देती हिमशिखरे | ||
| 250 | _a4 | ||
| 260 | _bमनोहर ग्रंथमाला | ||
| 300 | _a303 | ||
| 600 | _aजोशी रामचंद्र | ||
| 630 | _aसाद देती हिमशिखरे | ||
| 700 | _aजोशी रामचंद्र | ||
| 730 | _aसाद देती हिमशिखरे | ||
| 942 | _cBOOK | ||
| 999 |
_c46014 _d46014 |
||